[Event "Cesme op-A 11th"]
[Site "Izmir"]
[Date "2025.06.24"]
[Round "3"]
[White "Citak, Selim"]
[Black "Lodici, Lorenzo"]
[Result "0-1"]
[WhiteElo "2357"]
[BlackElo "2554"]
[PlyCount "112"]
[EventDate "2025.06.23"]
[EventType "swiss"]
[EventRounds "9"]
[EventCountry "TUR"]
[SourceTitle "CB27_2025"]
[SourceDate "2025.07.02"]
[SourceVersion "1"]
[SourceVersionDate "2025.07.02"]
[SourceQuality "1"]

1. d4 Nf6 2. c4 e6 3. Nf3 d5 4. Nc3 c6 5. Bg5 h6 6. Bh4 Nbd7 7. e3 g5 8. Bg3 Nh5 9. Be5 Ng7 10. Bd3 g4 11. Bxg7 Bxg7 12. Nd2 h5 13. cxd5 exd5 14. Qc2 Nb6 15. Bf5 Qg5 16. Bxc8 Nxc8 17. 0-0-0 Nd6 18. h4 Qf5 19. Qxf5 Nxf5 20. g3 Ke7 21. Nb3 b6 22. Kb1 Rhd8 23. Ne2 Bh6 24. Nbc1 Nd6 25. Nc3 Rac8 26. Nd3 f5 27. Rc1 Ne4 28. Rhd1 Kd6 29. Rc2 Rc7 30. Ne2 c5 31. dxc5+ bxc5 32. Ndf4 Ke5 33. Nd3+ Kf6 34. Nef4 c4 35. Nxh5+ Ke7 36. Nhf4 Kf6 37. Nh5+ Ke7 38. Nhf4 a5 39. Ne5 Rc5 40. Neg6+ Kf6 41. h5 a4 42. a3 Rd6 43. Kc1 Rb5 44. Rf1 Bg7 45. Ne2 Kg5 46. Ngf4 Rdb6 47. Nd4 Bxd4 48. exd4 c3 49. Nd3 cxb2+ 50. Rxb2 Rxb2 51. Nxb2 Rc6+ 52. Kd1 Rc3 53. Ke1 Rxa3 54. Nd1 Ra1 55. Ke2 a3 56. h6 Kxh6 0-1

[Event "PlusCity Grand Prix Rapid"]
[Site "Pasching"]
[Date "2025.05.30"]
[Round "6"]
[White "Tancsa, Tamas"]
[Black "Lodici, Lorenzo"]
[Result "0-1"]
[WhiteElo "2246"]
[BlackElo "2557"]
[PlyCount "54"]
[EventDate "2025.05.30"]
[EventType "swiss (rapid)"]
[EventRounds "9"]
[EventCountry "AUT"]
[SourceTitle "CB23_2025"]
[SourceDate "2025.06.04"]
[SourceVersion "1"]
[SourceVersionDate "2025.06.04"]
[SourceQuality "1"]

1. e4 e6 2. d4 d5 3. Nc3 Nf6 4. Bd3 c5 5. exd5 Nxd5 6. dxc5 Nxc3 7. bxc3 Nd7 8. c6 bxc6 9. Nf3 Nc5 10. 0-0 Be7 11. Ne5 Qc7 12. Bf4 Bd6 13. Re1 0-0 14. Qf3 f6 15. Qh5 Nxd3 16. cxd3 fxe5 17. Bxe5 Bxe5 18. Rxe5 Qf7 19. Qe2 Bd7 20. Re1 Rab8 21. f3 Qf4 22. d4 Rb6 23. Qc4 Rb2 24. R1e4 Qd2 25. Re2 Rb1+ 26. Kf2 Qf4 27. Qd3 Qh4+ 0-1

[Event "PlusCity Grand Prix Blitz"]
[Site "Pasching"]
[Date "2025.05.29"]
[Round "7"]
[White "Lodici, Lorenzo"]
[Black "Balog, Imre1"]
[Result "0-1"]
[WhiteElo "2557"]
[BlackElo "2603"]
[PlyCount "228"]
[EventDate "2025.05.29"]
[EventType "swiss (blitz)"]
[EventRounds "13"]
[EventCountry "AUT"]
[SourceTitle "CB23_2025"]
[SourceDate "2025.06.04"]
[SourceVersion "1"]
[SourceVersionDate "2025.06.04"]
[SourceQuality "1"]

1. e4 e6 2. d4 d5 3. exd5 exd5 4. Nf3 Nf6 5. h3 Bd6 6. Bd3 0-0 7. 0-0 h6 8. Nc3 c6 9. Ne5 Nbd7 10. Re1 Re8 11. f4 c5 12. Be3 c4 13. Bf1 Bb4 14. Bd2 Nf8 15. Nf3 Rxe1 16. Bxe1 Ng6 17. Ne2 Bd6 18. Ne5 Ne7 19. Bh4 Nf5 20. Bxf6 Qxf6 21. Qd2 Qd8 22. Nc3 Bb4 23. a3 Ba5 24. Kh2 Qh4 25. Re1 Qg3+ 26. Kh1 Be6 27. Be2 Nxd4 28. Bg4 Nf5 29. Bxf5 Bxf5 30. Rf1 Bxc3 31. bxc3 Be4 32. Kg1 Re8 33. Ng4 Bf5 34. Ne5 Rd8 35. Rf3 Qh4 36. Kh2 Be4 37. g3 Qf6 38. Re3 Qb6 39. Ng4 Qb1 40. Rxe4 dxe4 41. Qxd8+ Kh7 42. Qd2 Qf1 43. Ne3 Qf3 44. Ng2 f5 45. Qe3 Qd1 46. g4 g6 47. gxf5 gxf5 48. Kg3 Qxc2 49. Nh4 Qb3 50. Nxf5 Qxa3 51. Nd4 Qe7 52. f5 a5 53. Qf4 a4 54. f6 Qf7 55. Qe5 a3 56. Kf4 a2 57. Qxe4+ Kh8 58. Qe7 Kg8 59. Qd8+ Kh7 60. Qa5 Qxf6+ 61. Nf5 Kg6 62. h4 h5 63. Ke4 a1Q 64. Qxa1 Qxf5+ 65. Kd4 Qf4+ 66. Kc5 Qxh4 67. Kb4 Qe4 68. Qg1+ Kf5 69. Qc5+ Kg4 70. Qc8+ Kg3 71. Qc7+ Qf4 72. Qg7+ Kh2 73. Qxb7 h4 74. Qe7 h3 75. Qe2+ Kg1 76. Qe1+ Kg2 77. Qe2+ Kg3 78. Qe1+ Kg4 79. Qe2+ Kg5 80. Qe7+ Kg4 81. Qe6+ Qf5 82. Qe2+ Qf3 83. Qe6+ Kg3 84. Qe5+ Kg2 85. Qg5+ Kf1 86. Qc1+ Ke2 87. Qc2+ Ke1 88. Qc1+ Kf2 89. Qd2+ Kg1 90. Qg5+ Kh2 91. Qd2+ Kh1 92. Qc1+ Kg2 93. Qd2+ Qf2 94. Qg5+ Kf1 95. Qc1+ Qe1 96. Qf4+ Kg2 97. Qg4+ Qg3 98. Qe2+ Kg1 99. Qd1+ Kf2 100. Qd2+ Kf3 101. Qd5+ Ke3 102. Qd4+ Ke2 103. Qe4+ Kd2 104. Qd5+ Kc1 105. Qa5 h2 106. Qa1+ Kd2 107. Qb2+ Kd3 108. Qb1+ Ke3 109. Qc1+ Ke4 110. Qc2+ Ke5 111. Qe2+ Kf6 112. Qf1+ Kg7 113. Qd1 Qb8+ 114. Kc5 Qc7+ 0-1

[Event "PlusCity Grand Prix Blitz"]
[Site "Pasching"]
[Date "2025.05.29"]
[Round "4"]
[White "Movsesian, Sergei"]
[Black "Lodici, Lorenzo"]
[Result "0-1"]
[WhiteElo "2598"]
[BlackElo "2557"]
[PlyCount "36"]
[EventDate "2025.05.29"]
[EventType "swiss (blitz)"]
[EventRounds "13"]
[EventCountry "AUT"]
[SourceTitle "CB23_2025"]
[SourceDate "2025.06.04"]
[SourceVersion "1"]
[SourceVersionDate "2025.06.04"]
[SourceQuality "1"]

1. Nf3 b6 2. g3 Bb7 3. Bg2 g6 4. 0-0 Bg7 5. c4 Nf6 6. b3 Ne4 7. d4 c5 8. Bb2 Nc6 9. e3 0-0 10. Qe2 d5 11. cxd5 Nb4 12. Ne5 Qxd5 13. a3 Bxe5 14. f3 Ba6 15. fxe4 Qxb3 16. Qd2 Bxf1 17. Bxf1 Nc2 18. Ra2 cxd4 0-1

[Event "Sardinia World op-A"]
[Site "Orosei"]
[Date "2025.05.03"]
[Round "9"]
[White "Travadon, Loic"]
[Black "Lodici, Lorenzo"]
[Result "0-1"]
[WhiteElo "2451"]
[BlackElo "2570"]
[PlyCount "144"]
[EventDate "2025.04.27"]
[EventType "swiss"]
[EventRounds "9"]
[EventCountry "ITA"]
[SourceTitle "CB19_2025"]
[SourceDate "2025.05.07"]
[SourceVersion "1"]
[SourceVersionDate "2025.05.07"]
[SourceQuality "1"]

1. e4 c5 2. Nf3 d6 3. d4 cxd4 4. Nxd4 Nf6 5. Bb5+ Bd7 6. c4 e5 7. Nf5 Nc6 8. Bg5 Qa5+ 9. Bd2 Qc7 10. Nc3 Nxe4 11. Nxg7+ Bxg7 12. Nxe4 0-0 13. Be3 Nd4 14. Bxd7 Qxd7 15. 0-0 Rac8 16. Rc1 d5 17. cxd5 Rxc1 18. Bxc1 Qxd5 19. Nc3 Qc6 20. Be3 b5 21. Ne2 Rd8 22. Bxd4 exd4 23. Qd3 Qc4 24. Nf4 Qxa2 25. Qxb5 d3 26. Nxd3 a6 27. Qf5 h6 28. g3 Qb3 29. Nf4 Qxb2 30. Nh5 Bh8 31. Re1 Bd4 32. Re4 Qc1+ 33. Kg2 Qc6 34. f3 Rd5 35. Re8+ Qxe8 36. Qxd5 Qe2+ 37. Kh3 Qe6+ 38. Qxe6 fxe6 39. Nf4 Kf7 40. Kg4 a5 41. Nd3 a4 42. Kf4 Ke7 43. Ke4 Bg1 44. h3 a3 45. Nc1 Kd6 46. Kd3 Bf2 47. Kc4 Bxg3 48. Kb3 Kd5 49. Kxa3 Bd6+ 50. Kb3 Kd4 51. Kc2 Ke3 52. Nb3 e5 53. Nd2 Bc7 54. Ne4 Kxf3 55. Kd3 h5 56. Ng5+ Kg3 57. Ke2 h4 58. Kf1 Bb6 59. Ke2 Bd8 60. Ne4+ Kg2 61. Nf2 Bg5 62. Ne4 Bf4 63. Nf2 Bg3 64. Ne4 Kxh3 65. Kf3 Kh2 66. Ng5 Be1 67. Ke2 Ba5 68. Kf2 Bb6+ 69. Kf3 Bd8 70. Ne4 h3 71. Kf2 Bb6+ 72. Kf1 Bd4 0-1

[Event "ITA-chT Final 56th"]
[Site "Darfo Boario Terme"]
[Date "2025.04.10"]
[Round "5.5"]
[White "Lodici, Lorenzo"]
[Black "Delchev, Aleksander"]
[Result "1/2-1/2"]
[WhiteElo "2570"]
[BlackElo "2455"]
[PlyCount "76"]
[EventDate "2025.04.07"]
[EventType "team-swiss"]
[EventRounds "9"]
[EventCountry "ITA"]
[SourceTitle "CB16_2025"]
[SourceDate "2025.04.16"]
[SourceVersion "1"]
[SourceVersionDate "2025.04.16"]
[SourceQuality "1"]
[WhiteTeam "Pedone Isolano"]
[BlackTeam "Asolo"]
[WhiteTeamCountry "ITA"]
[BlackTeamCountry "ITA"]

1. e4 c5 2. Nf3 Nc6 3. d4 cxd4 4. Nxd4 e5 5. Nb5 d6 6. c4 Be7 7. N5c3 Nf6 8. Bd3 0-0 9. 0-0 Nd7 10. Nd5 Bg5 11. Nbc3 Bxc1 12. Rxc1 Nc5 13. b4 Ne6 14. Bb1 b6 15. Qd3 Bb7 16. f4 f6 17. f5 Ned4 18. h4 Rc8 19. Kh2 Ne7 20. Ne3 a6 21. a3 Kh8 22. Ba2 Rc7 23. g4 b5 24. cxb5 axb5 25. Be6 Nxe6 26. fxe6 Qc8 27. Ned5 Bxd5 28. exd5 Rc4 29. Ne2 Qa8 30. Rxc4 bxc4 31. Qxc4 Nxd5 32. Qd3 Re8 33. Qe4 Nc7 34. Qxa8 Rxa8 35. e7 Kg8 36. Ng3 Kf7 37. Nf5 Ne8 38. g5 Ke6 1/2-1/2

[Event "ITA-chT Final 56th"]
[Site "Darfo Boario Terme"]
[Date "2025.04.10"]
[Round "6.2"]
[White "Lodici, Lorenzo"]
[Black "Iermito, Sebastian"]
[Result "1/2-1/2"]
[WhiteElo "2570"]
[BlackElo "2499"]
[PlyCount "59"]
[EventDate "2025.04.07"]
[EventType "team-swiss"]
[EventRounds "9"]
[EventCountry "ITA"]
[SourceTitle "CB16_2025"]
[SourceDate "2025.04.16"]
[SourceVersion "1"]
[SourceVersionDate "2025.04.16"]
[SourceQuality "1"]
[WhiteTeam "Pedone Isolano"]
[BlackTeam "Lazio Scacchi"]
[WhiteTeamCountry "ITA"]
[BlackTeamCountry "ITA"]

1. b3 c5 2. Bb2 d6 3. e3 Nc6 4. d4 cxd4 5. exd4 d5 6. Nf3 Nf6 7. h3 g6 8. Be2 Bg7 9. 0-0 0-0 10. Re1 Ne4 11. Nbd2 Qa5 12. Nf1 Bf5 13. Ne3 Rac8 14. Bf1 Rfd8 15. a3 Qb6 16. c4 Nf6 17. c5 Qc7 18. b4 a6 19. Nxf5 gxf5 20. Ne5 a5 21. Nxc6 bxc6 22. Qf3 e6 23. g4 fxg4 24. hxg4 axb4 25. axb4 Rb8 26. Bd3 Ne4 27. Bxe4 dxe4 28. Qxe4 Rxb4 29. Bc3 Rb5 30. Ra6 1/2-1/2

[Event "ITA-chT Final 56th"]
[Site "Darfo Boario Terme"]
[Date "2025.04.08"]
[Round "3.14"]
[White "Bifulco, Michel"]
[Black "Lodici, Lorenzo"]
[Result "0-1"]
[WhiteElo "2300"]
[BlackElo "2570"]
[PlyCount "104"]
[EventDate "2025.04.07"]
[EventType "team-swiss"]
[EventRounds "9"]
[EventCountry "ITA"]
[SourceTitle "CB16_2025"]
[SourceDate "2025.04.16"]
[SourceVersion "1"]
[SourceVersionDate "2025.04.16"]
[SourceQuality "1"]
[WhiteTeam "CPS Master"]
[BlackTeam "Pedone Isolano"]
[WhiteTeamCountry "ITA"]
[BlackTeamCountry "ITA"]

1. e4 c5 2. Nf3 e6 3. Nc3 a6 4. d4 b5 5. dxc5 Bxc5 6. Bd3 Bb7 7. a4 b4 8. Nb1 Nf6 9. Qe2 Ng4 10. 0-0 Nc6 11. Nbd2 Qc7 12. Nb3 Ba7 13. Bg5 h5 14. Bh4 f6 15. Bg3 Nce5 16. Nxe5 Nxe5 17. Kh1 h4 18. Bxe5 Qxe5 19. f4 Qh5 20. Rf3 f5 21. Na5 fxe4 22. Bxe4 Bxe4 23. Qxe4 0-0 24. Nc4 Qf5 25. Qxf5 Rxf5 26. Ne5 Bd4 27. Nd3 a5 28. Re1 Rc8 29. Re2 Kf7 30. g4 hxg3 31. Rxg3 d5 32. Kg2 Rh8 33. h3 Rc8 34. Rg4 Bf6 35. Rg3 g5 36. fxg5 Rxg5 37. Rxg5 Bxg5 38. Ne5+ Ke7 39. Kf3 Bf6 40. Nd3 Kd6 41. b3 Rh8 42. Kg4 Rh4+ 43. Kg3 Rh6 44. Kg4 e5 45. Kf5 e4 46. Nf2 Bd8 47. Kg4 Ke6 48. Nd3 Rg6+ 49. Kh5 Rg3 50. Nf4+ Kf5 51. Rf2 Bb6 52. Rf1 Rf3 0-1

[Event "ITA-chT Final 56th"]
[Site "Darfo Boario Terme"]
[Date "2025.04.08"]
[Round "2.6"]
[White "Carnicelli, Valerio"]
[Black "Lodici, Lorenzo"]
[Result "1-0"]
[WhiteElo "2381"]
[BlackElo "2570"]
[PlyCount "63"]
[EventDate "2025.04.07"]
[EventType "team-swiss"]
[EventRounds "9"]
[EventCountry "ITA"]
[SourceTitle "CB16_2025"]
[SourceDate "2025.04.16"]
[SourceVersion "1"]
[SourceVersionDate "2025.04.16"]
[SourceQuality "1"]
[WhiteTeam "Rome Arrocco"]
[BlackTeam "Pedone Isolano"]
[WhiteTeamCountry "ITA"]
[BlackTeamCountry "ITA"]

1. e4 e5 2. Nf3 Nc6 3. Nc3 Nf6 4. d4 exd4 5. Nxd4 Bc5 6. Be3 Bb4 7. Bd3 Ne5 8. f4 Neg4 9. Bg1 d5 10. e5 Nh5 11. Qf3 c5 12. Bb5+ Kf8 13. Nde2 a6 14. Ba4 d4 15. 0-0-0 Qa5 16. f5 dxc3 17. Qxg4 g6 18. e6 Kg7 19. Bb3 fxe6 20. fxe6 cxb2+ 21. Kb1 Re8 22. Ng3 Nf6 23. Nf5+ Kh8 24. Qh4 Bc3 25. Bd4 Bxd4 26. Rxd4 Nh5 27. Rd6 Qb4 28. g4 Bxe6 29. Bxe6 gxf5 30. Qxh5 Qe4 31. Rd7 fxg4 32. Bf5 1-0

[Event "Titled Tuesday intern op 04th Feb Early"]
[Site "Chess.com INT"]
[Date "2025.02.04"]
[Round "7"]
[White "Kreken, Eivind Grunt"]
[Black "Lodici, Lorenzo"]
[Result "0-1"]
[WhiteElo "2285"]
[BlackElo "2572"]
[PlyCount "118"]
[EventDate "2025.02.04"]
[EventType "swiss (blitz)"]
[EventRounds "11"]
[EventCountry "USA"]
[SourceTitle "CB07_2025"]
[SourceDate "2025.02.12"]
[SourceVersion "1"]
[SourceVersionDate "2025.02.12"]
[SourceQuality "1"]

1. e4 c6 2. d4 d5 3. Nc3 g6 4. Nf3 Bg7 5. h3 dxe4 6. Nxe4 Nf6 7. Nxf6+ exf6 8. Bc4 0-0 9. 0-0 Na6 10. Bf4 Nc7 11. c3 a5 12. a4 Be6 13. Bxe6 Nxe6 14. Bh2 Qd5 15. Re1 Rfd8 16. Qe2 f5 17. Be5 Bxe5 18. Qxe5 Qxe5 19. Rxe5 Kg7 20. g3 Kf6 21. Rae1 Rd7 22. Nd2 c5 23. d5 Nc7 24. c4 b6 25. Nf3 Rdd8 26. g4 fxg4 27. hxg4 Ne8 28. g5+ Kg7 29. Re7 Nd6 30. b3 Re8 31. Rd7 Ne4 32. Kg2 Kf8 33. Rb7 Nd6 34. Rxb6 Rxe1 35. Nxe1 Ne4 36. Nd3 Nxg5 37. Nxc5 h5 38. f4 Nh7 39. Nb7 Ke7 40. c5 Nf6 41. Rd6 Ne4 42. Rc6 Kd7 43. Rf6 Nxf6 44. c6+ Kc7 45. Nc5 Nxd5 46. Ne4 Kxc6 47. Kf3 Rb8 48. Ng5 Rxb3+ 49. Ke4 Rb4+ 50. Ke5 f6+ 51. Ke6 fxg5 52. f5 gxf5 53. Kxf5 g4 54. Kg5 g3 55. Kh6 g2 56. Kg5 g1Q+ 57. Kh6 h4 58. Kh5 h3 59. Kh6 h2 0-1

[Event "Titled Tuesday intern op 04th Feb Early"]
[Site "Chess.com INT"]
[Date "2025.02.04"]
[Round "1"]
[White "Lukachewski Junior, Wanderlei"]
[Black "Lodici, Lorenzo"]
[Result "0-1"]
[WhiteElo "2049"]
[BlackElo "2572"]
[PlyCount "28"]
[EventDate "2025.02.04"]
[EventType "swiss (blitz)"]
[EventRounds "11"]
[EventCountry "USA"]
[SourceTitle "CB07_2025"]
[SourceDate "2025.02.12"]
[SourceVersion "1"]
[SourceVersionDate "2025.02.12"]
[SourceQuality "1"]

1. d4 Nf6 2. c4 d6 3. Nc3 e5 4. Nf3 e4 5. Ng5 Bf5 6. g3 h6 7. Nh3 c6 8. d5 c5 9. Nf4 Na6 10. h4 Nc7 11. a4 g6 12. h5 g5 13. Bh3 Bh7 14. Ng2 g4 0-1

[Event "Titled Tuesday intern op 04th Feb Early"]
[Site "Chess.com INT"]
[Date "2025.02.04"]
[Round "3"]
[White "Makaraci, Tunahan"]
[Black "Lodici, Lorenzo"]
[Result "0-1"]
[WhiteElo "2233"]
[BlackElo "2572"]
[PlyCount "42"]
[EventDate "2025.02.04"]
[EventType "swiss (blitz)"]
[EventRounds "11"]
[EventCountry "USA"]
[SourceTitle "CB07_2025"]
[SourceDate "2025.02.12"]
[SourceVersion "1"]
[SourceVersionDate "2025.02.12"]
[SourceQuality "1"]

1. e4 c5 2. Nf3 b6 3. d4 cxd4 4. Qxd4 Nc6 5. Qd1 Nf6 6. Nc3 e6 7. Bg5 h6 8. Bh4 Bb4 9. Bd3 g5 10. Bg3 Nh5 11. a3 Bxc3+ 12. bxc3 Nxg3 13. hxg3 Bb7 14. Qd2 Qf6 15. Bb5 0-0-0 16. Bxc6 Bxc6 17. Qd3 e5 18. a4 d5 19. exd5 Rxd5 20. Qa6+ Bb7 21. Qxa7 Ra5 0-1

[Event "Wch Blitz"]
[Site "New York"]
[Date "2024.12.30"]
[Round "13"]
[White "Lodici, Lorenzo"]
[Black "Indjic, Aleksandar"]
[Result "1/2-1/2"]
[WhiteElo "2564"]
[BlackElo "2647"]
[PlyCount "288"]
[EventDate "2024.12.30"]
[EventType "swiss (blitz)"]
[EventRounds "13"]
[EventCountry "USA"]
[SourceTitle "CB01_2025"]
[SourceDate "2025.01.01"]
[SourceVersion "1"]
[SourceVersionDate "2025.01.01"]
[SourceQuality "1"]

1. e4 c5 2. Nf3 d6 3. d4 cxd4 4. Nxd4 Nf6 5. Nc3 a6 6. f4 e5 7. Nf5 Be6 8. fxe5 dxe5 9. Qxd8+ Kxd8 10. Bg5 Nbd7 11. 0-0-0 Kc7 12. Ne3 Bc5 13. Ncd5+ Bxd5 14. Nxd5+ Nxd5 15. Rxd5 f6 16. Bd2 Kc6 17. b3 b5 18. Be2 Nb6 19. Rd3 Rhd8 20. Rxd8 Rxd8 21. c3 a5 22. Kc2 a4 23. bxa4 bxa4 24. Rb1 Ra8 25. g4 h6 26. h4 Kc7 27. Rf1 Rh8 28. Bb5 a3 29. Bc1 Nc8 30. Bc4 Nb6 31. Be6 Kd6 32. Bb3 Ke7 33. Kd3 Rd8+ 34. Kc2 Rc8 35. Bd2 Rd8 36. g5 hxg5 37. hxg5 Rh8 38. gxf6+ gxf6 39. Rf3 Rh2 40. Rg3 Kd6 41. Kd3 Rf2 42. Rg8 Kc7 43. Rg7+ Kc6 44. Rf7 Kd6 45. Bh6 Rf3+ 46. Kd2 Rf2+ 47. Ke1 Rf3 48. Bg7 Rxc3 49. Rxf6+ Kd7 50. Rf7+ Ke8 51. Rf5 Re3+ 52. Kd2 Rxe4 53. Bxe5 Nd7 54. Bc3 Rh4 55. Kd3 Bd6 56. Bd4 Rh3+ 57. Kc4 Rh4 58. Ba4 Ke7 59. Kd5 Rh6 60. Bb5 Bb4 61. Rf2 Rd6+ 62. Kc4 Rxd4+ 63. Kxd4 Bc5+ 64. Kc4 Bxf2 65. Kb3 Bc5 66. Bc4 Ne5 67. Bd5 Kf6 68. Be4 Kg5 69. Bd5 Kf4 70. Be6 Ke3 71. Kc2 Kd4 72. Bg8 Ng4 73. Bf7 Ne3+ 74. Kb3 Kd3 75. Bg6+ Kd2 76. Bh7 Bf8 77. Bg6 Kc1 78. Bh7 Nf1 79. Bg6 Nd2+ 80. Kc3 Be7 81. Bh7 Kd1 82. Bg6 Ke2 83. Bh7 Ke3 84. Bg6 Nf3 85. Bh7 Nd4 86. Bg6 Ne2+ 87. Kc4 Kd2 88. Bh7 Kc1 89. Kb3 Nd4+ 90. Kc4 Nf3 91. Kb3 Bf8 92. Bg6 Kd2 93. Bh7 Ne5 94. Bf5 Nc6 95. Bh7 Ke3 96. Bg6 Kd4 97. Bh7 Na5+ 98. Kc2 Nb7 99. Kb3 Be7 100. Kc2 Nc5 101. Bg6 Bf6 102. Bh7 Kc4 103. Bg8+ Kd4 104. Bh7 Bg7 105. Bg8 Nd3 106. Kb3 Bf8 107. Kc2 Ke3 108. Bh7 Nc5 109. Bg6 Ne6 110. Bh7 Bb4 111. Kb3 Be7 112. Kc2 Nd4+ 113. Kc3 Bf8 114. Bg6 Bd6 115. Bh7 Nb5+ 116. Kc2 Kd4 117. Bg6 Kc5 118. Bh7 Kb4 119. Bg6 Be5 120. Bh7 Nc3 121. Bg8 Bf6 122. Bf7 Ne2 123. Bg8 Nd4+ 124. Kd3 Kc5 125. Bf7 Nc6 126. Bg8 Bg7 127. Kc2 Nd4+ 128. Kd3 Nf5 129. Kc2 Kb4 130. Bf7 Nd6 131. Bg8 Be5 132. Be6 Nb5 133. Bg8 Bf6 134. Kd3 Nd6 135. Kc2 Bb2 136. Kd3 Kc5 137. Kc2 Kd4 138. Be6 Ne4 139. Bg8 Ke3 140. Bf7 Nc5 141. Bg8 Nd3 142. Bf7 Ne1+ 143. Kb3 Kd2 144. Bg8 Nc2 1/2-1/2

[Event "Wch Rapid"]
[Site "New York"]
[Date "2024.12.28"]
[Round "10"]
[White "Bok, Benjamin"]
[Black "Lodici, Lorenzo"]
[Result "1-0"]
[WhiteElo "2596"]
[BlackElo "2450"]
[PlyCount "119"]
[EventDate "2024.12.26"]
[EventType "swiss (rapid)"]
[EventRounds "13"]
[EventCountry "USA"]
[SourceTitle "CB01_2025"]
[SourceDate "2025.01.01"]
[SourceVersion "1"]
[SourceVersionDate "2025.01.01"]
[SourceQuality "1"]

1. Nf3 d5 2. g3 Bg4 3. Bg2 c6 4. 0-0 Nd7 5. h3 Bh5 6. d4 e6 7. c4 Ngf6 8. cxd5 exd5 9. Qb3 Qb6 10. Qe3+ Be7 11. Nh4 Bg6 12. Nxg6 hxg6 13. Nc3 Qd8 14. Qd3 0-0 15. h4 Re8 16. Rd1 Bb4 17. Bg5 Qe7 18. e3 Qe6 19. Bxf6 Nxf6 20. a3 Bxc3 21. bxc3 b5 22. a4 a6 23. Ra3 Rad8 24. Rda1 Rd6 25. Bf3 Nh7 26. Kg2 g5 27. Rh1 g4 28. Bd1 f5 29. Bc2 g6 30. h5 Rf8 31. hxg6 Qxg6 32. Rh4 Qg7 33. Ra1 Ng5 34. Rah1 Nh3 35. Qe2 Rg6 36. axb5 cxb5 37. f3 Rg5 38. Bb3 Qd7 39. f4 Rg6 40. e4 Re8 41. e5 Kg7 42. Bc2 Rh6 43. Bxf5 Qxf5 44. Qxg4+ Qxg4 45. Rxg4+ Kf7 46. Rxh3 Rxh3 47. Kxh3 a5 48. f5 a4 49. f6 Rh8+ 50. Kg2 Rh7 51. Rf4 Ke6 52. Rf2 Rc7 53. Rb2 a3 54. Rxb5 Ra7 55. Rb1 a2 56. Ra1 Kf5 57. f7 Rxf7 58. Rxa2 Ke4 59. Rf2 Ra7 60. g4 1-0

[Event "Wch Rapid"]
[Site "New York"]
[Date "2024.12.28"]
[Round "11"]
[White "Lodici, Lorenzo"]
[Black "Sarana, Alexey"]
[Result "1-0"]
[WhiteElo "2450"]
[BlackElo "2654"]
[PlyCount "113"]
[EventDate "2024.12.26"]
[EventType "swiss (rapid)"]
[EventRounds "13"]
[EventCountry "USA"]
[SourceTitle "CB01_2025"]
[SourceDate "2025.01.01"]
[SourceVersion "1"]
[SourceVersionDate "2025.01.01"]
[SourceQuality "1"]

1. e4 e5 2. Nf3 Nc6 3. Bc4 Nf6 4. d3 Be7 5. a4 0-0 6. Nc3 d6 7. Be3 Be6 8. Ng5 Bg4 9. Qd2 Nd4 10. f4 h6 11. Nxf7 Rxf7 12. Bxd4 exd4 13. Bxf7+ Kxf7 14. Ne2 c5 15. 0-0 Kg8 16. h3 Bd7 17. g4 Nh7 18. Ng3 Bh4 19. Kg2 Qe7 20. b3 Rf8 21. Rae1 g5 22. Re2 Bxg3 23. Kxg3 gxf4+ 24. Rxf4 Qe5 25. Ref2 Kg7 26. Kg2 Rxf4 27. Qxf4 Qxf4 28. Rxf4 Ng5 29. Kg3 Nf7 30. Rf2 Ne5 31. Rf1 Be6 32. Rf2 Bf7 33. Rf5 Bg8 34. g5 hxg5 35. Rxg5+ Kf7 36. h4 Bh7 37. h5 Kf6 38. Kf4 b6 39. Rg1 Nf7 40. a5 b5 41. a6 Nd8 42. Kg4 Ne6 43. Rf1+ Kg7 44. h6+ Kg6 45. Rf5 Nc7 46. e5 Nd5 47. Rg5+ Kxh6 48. exd6 Nf6+ 49. Kf4 Nd7 50. b4 c4 51. Rxb5 cxd3 52. cxd3 Bxd3 53. Rb7 Nf8 54. Ke5 Bxa6 55. d7 Nxd7+ 56. Rxd7 d3 57. Rd6+ 1-0